Introduction to Automata Theory, language and Computation (Record no. 5289)

MARC details
000 -LEADER
fixed length control field 00614nam a22002177a 4500
003 - CONTROL NUMBER IDENTIFIER
control field OSt
005 - DATE AND TIME OF LATEST TRANSACTION
control field 20160928150112.0
008 - FIXED-LENGTH DATA ELEMENTS--GENERAL INFORMATION
fixed length control field 160928b xxu||||| |||| 00| 0 eng d
020 ## - INTERNATIONAL STANDARD BOOK NUMBER
International Standard Book Number 9781292039053
040 ## - CATALOGING SOURCE
Transcribing agency DDC
082 ## - DEWEY DECIMAL CLASSIFICATION NUMBER
Classification number 511.35 MOT 2014
100 ## - MAIN ENTRY--PERSONAL NAME
Personal name Motwani, Hopcroft Ullman
9 (RLIN) 11116
245 ## - TITLE STATEMENT
Title Introduction to Automata Theory, language and Computation
250 ## - EDITION STATEMENT
Edition statement 3rd ed.
260 ## - PUBLICATION, DISTRIBUTION, ETC. (IMPRINT)
Place of publication, distribution, etc. Edinburgh; Pearson Edducation, 2014
300 ## - PHYSICAL DESCRIPTION
Extent 488p; ill: 28cm
504 ## - BIBLIOGRAPHY, ETC. NOTE
Bibliography, etc References, & index included
650 ## - SUBJECT ADDED ENTRY--TOPICAL TERM
Topical term or geographic name as entry element Automata -mathematics
9 (RLIN) 11117
650 ## - SUBJECT ADDED ENTRY--TOPICAL TERM
Topical term or geographic name as entry element Computation
9 (RLIN) 11118
942 ## - ADDED ENTRY ELEMENTS (KOHA)
Source of classification or shelving scheme Other/Generic Classification Scheme
Koha item type Book Bank
Holdings
Withdrawn status Lost status Source of classification or shelving scheme Damaged status Not for loan Home library Current library Date acquired Source of acquisition Inventory number Total Checkouts Full call number Barcode Date last seen Koha item type
    Dewey Decimal Classification     MUST Main Library MUST Main Library 28/09/2016 Purchase 16/39994   511.35 MOT 2014 2016-4530 28/09/2016 Open Shelf
    Dewey Decimal Classification     MUST Main Library MUST Main Library 28/09/2016 Purchase 16/39995   511.35 MOT 2014 2016-4531 28/09/2016 Open Shelf
    Dewey Decimal Classification     MUST Main Library MUST Main Library 28/09/2016 Purchase 16/39996   511.35 MOT 2014 2016-4532 28/09/2016 Open Shelf
    Dewey Decimal Classification     MUST Main Library MUST Main Library 28/09/2016 Purchase 16/39997   511.35 MOT 2014 2016-4533 28/09/2016 Open Shelf